Joseph Campbell en diálogo con Bill Moyers
Na minha lista:
| Formato: | Livro |
|---|---|
| Idioma: | espanhol |
| Publicado em: |
Barcelona
Emecé
1991
|
| coleção: | Colección Reflexiones
|
| Assuntos: | |
| Tags: |
Adicionar Tag
Sem tags, seja o primeiro a adicionar uma tag!
|
MARC
| LEADER | 00000nam a2200000 a 4500 | ||
|---|---|---|---|
| 001 | UCL2521 | ||
| 003 | CL-VaPUC | ||
| 005 | 20231004093539.0 | ||
| 008 | 031024e19910000SP |||||||||||||||||spa|d | ||
| 999 | |c 305821 |d 305819 | ||
| 020 | |a 8478880666 | ||
| 040 | |c Pontificia Universidad Católica de Valparaíso | ||
| 082 | 0 | 4 | |a 291.13 |b JOS |2 21 |
| 245 | 1 | 0 | |a Joseph Campbell en diálogo con Bill Moyers |
| 246 | 1 | 3 | |a El poder del mito |
| 260 | |a Barcelona |b Emecé |c 1991 | ||
| 300 | |a 314 p | ||
| 490 | 0 | |a Colección Reflexiones | |
| 583 | |a last modification |c 20130102 10:24:00 |k Rodrigo Vera | ||
| 600 | 0 | 7 | |a CAMPBELL, JOSEPH |2 CL-VaPUC |9 479632 |
| 600 | 0 | 7 | |a Moyers, Bill, |d 1934- |9 869046 |
| 650 | 0 | |a Mitología |9 255719 | |
| 942 | |c BK |2 ddc | ||
| 945 | |d 20031024 00:00:00 |a cmena | ||
| 952 | |0 0 |1 0 |4 0 |6 291_130000000000000_JOS_1991 |7 0 |8 A |9 370281 |a BIBEDU |b BIBEDU |d 2019-11-21 |i 3954579 |l 1 |o 291.13 JOS 1991 |p 3954579 |r 2022-03-14 |s 2022-03-10 |w 2019-11-21 |y BK |k PSI | ||